• 首页
  • 本馆介绍
  • 公告通知
  • 最新文献
  • 馆藏检索
  • 电子资源
  • 读者导购
  • 参考咨询
  • 我的图书馆
  • 登录
  • 详细信息显示
  • 放入我的书架
  • 预约/预借图书
  • 作者相关作品
  • 分类相关作品
  • 丛书相关作品
  • 出版社相关作品

书目信息

  • 表格格式
  • 工作单格式
  • 卡片格式
题名:
景区环境影响评价
    
 
作者: 石强 , 李科林 , 廖科 编著
分册:  
出版信息: 北京   化学工业出版社  2005
页数: 203页
开本: 24cm
丛书名:
单 册:
中图分类: X820.3 , TU984.18
科图分类:
主题词: 风景区--环境影响--评价 , 风景区 , 环境影响
电子资源:
ISBN: 7-5025-7097-7
000 01009nam0 2200313 450
001 002939197
005 20050905164454.0
010    @a7-5025-7097-7@dCNY25.00
035    @a002939197
100    @a20050317d2005 em y0chiy0110 ea
101 0  @achi
102    @aCN@b110000
105    @ay z 000yy
106    @ar
200 1  @a景区环境影响评价@Ajing qu huan jing ying xiang ping jia@f石强,李科林,廖科编著
210    @a北京@c化学工业出版社@d2005
215    @a203页@d24cm
300    @a国家自然科学基金项目
330    @a本书结合了环境科学、旅游学、生态学等基础学科知识,较为系统地介绍了景区环境影响评价的程序和方法,尤其对动物、植被、环境容量做了详细的叙述。
606 0  @a风景区@x环境影响@x评价
606 0  @a风景区
606 0  @a环境影响
690    @aX820.3@v4
690    @aTU984.18@v4
701  0 @a石强@Ashi qiang@c(旅游)@4编著
701  0 @a李科林@Ali ke lin@c(旅游)@4编著
701  0 @a廖科@Aliao ke@c(旅游)@4编著
801  0 @aCN@bNLC@c20050906
905    @dX820.3@e68 @f5
    
    景区环境影响评价/石强,李科林,廖科编著.-北京:化学工业出版社,2005
    203页;24cm
    国家自然科学基金项目
    
    ISBN 7-5025-7097-7:CNY25.00
    本书结合了环境科学、旅游学、生态学等基础学科知识,较为系统地介绍了景区环境影响评价的程序和方法,尤其对动物、植被、环境容量做了详细的叙述。
●
相关链接 在E读中查询图书 在五车中查询图书 在当当中查询图书 在豆瓣中查询图书


正题名:景区环境影响评价     索取号:X820.3/68         预约/预借

序号 登录号 条形码 馆藏地/架位号 状态 备注
1 0579319   205793195   第二样本阅览室/ [索取号:X820.3/68] 在馆    
2 0579320   205793202   第三借阅区/ [索取号:X820.3/68] 在馆    
3 0579321   205793211   第三借阅区/ [索取号:X820.3/68] 在馆    
4 0579322   205793220   第三借阅区/ [索取号:X820.3/68] 在馆    
5 0579323   205793239   第三借阅区/ [索取号:X820.3/68] 在馆    
6 0579324   205793248   第三借阅区/ [索取号:X820.3/68] 在馆    
7 0579325   205793257   第三借阅区/ [索取号:X820.3/68] 在馆    
8 0579326   205793266   第三借阅区/ [索取号:X820.3/68] 在馆    
9 0850697   208506972   第三借阅区/ [索取号:X820.3/68] 在馆    
10 0850698   208506981   第三借阅区/ [索取号:X820.3/68] 在馆    
11 0850699   208506990   第三借阅区/ [索取号:X820.3/68] 在馆    
12 0850700   208507007   第三借阅区/ [索取号:X820.3/68] 在馆    
13 0850701   208507016   第三借阅区/ [索取号:X820.3/68] 在馆    
唐山师范学院图书馆 欢迎您!
大连网信软件有限公司© 版权所有